Homological dimensions of modules /

Guardado en:
Autor Principal: Osofsky, Barbara L.
Formato: Libro
Idioma:English
Publicado: Providence : Published for the Conference Board of the Mathematical Sciences by the American Mathematical Society, c1973.
Series:Regional conference series in mathematics ; no. 12
Etiquetas: Agregar Etiqueta
Sin Etiquetas, Sea el primero en etiquetar este registro!
LEADER 00844nam a22001935a 4500
001 MAT.inmabb000053
008 720801s1973####riua#####b####000#0#eng#d
005 20130308130804.0
245 1 0 |a Homological dimensions of modules /  |c Barbara L. Osofsky. 
260 |a Providence :  |b Published for the Conference Board of the Mathematical Sciences by the American Mathematical Society,  |c c1973. 
300 |a viii, 89 p. ;  |c 26 cm. 
440 0 |a Regional conference series in mathematics ;  |v no. 12 
500 |a "Expository lectures from the NSF-CBMS Regional Conference held at the American University, Washington, District of Columbia, June 21-25, 1971." 
504 |a Incluye referencias bibliográficas. 
510 4 |a MR,  |c 56 #5525 
020 |a 0821816624 
100 1 |a Osofsky, Barbara L. 
084 |a 13D05  |2 msc2000 
859 |h 13  |i Os83  |p A-7750  |b BIB. MATEMATICA